| 000 | 00590nam a2200169 4500 | ||
|---|---|---|---|
| 008 | 0 1993 0a 000 0USA | ||
| 020 | _a0-07-010516-2 | ||
| 050 | _aQA76 9 D5 C411 | ||
| 082 | _a001.642 C166d | ||
| 100 | _aCerutti, Dan. | ||
| 245 | _aDistributed computing environments / Dan Cerutti; Donna Pierson | ||
| 260 | _aUnited State of America : McGraw-Hill | ||
| 300 | _axviii, 398 p. / 23 cm. | ||
| 500 | _aIncluye índice | ||
| 650 | _a1.PROCESAMIENTO ELECTRONICO DE DATOS-PROCESOS DISTRIBUIDOS-MANUALES \ 2.REDES DE COMPUTADORAS | ||
| 700 | _aPierson, Donna, Coedit. | ||
| 999 |
_c11891 _d11891 |
||